[Event "RUS-ch sf"]
[Site "Pskov"]
[Date "1998.??.??"]
[Round "1"]
[White "Totsky, Leonid"]
[Black "Gavrilov, Andrei"]
[Result "1-0"]
[WhiteElo "2490"]
[BlackElo "2220"]
[PlyCount "77"]
[EventDate "1998.??.??"]
[Source "www.chesslib.no"]
[SourceDate "2004.05.04"]

1. e4 e5 2. Nf3 Nc6 3. Bc4 Bc5 4. c3 Qe7 5. O-O d6 6. d3 Nf6 7. b4 Bb6 8. Nbd2 Bg4 9. Bb3 Nd8 10. Re1 Ne6 11. h3 h5 12. Nc4 Bxf3 13. Qxf3 h4 14. a4 c6 15. Nxb6 axb6 16. Be3 Nh5 17. d4 Nef4 18. dxe5 dxe5 19. Bxb6 Rh6 20. Kh2 Rg6 21. Rg1 Qg5 22. Rad1 Qh6 23. Rd2 Ne6 24. Bxe6 Rxe6 25. Rgd1 Kf8 26. Rd8+ Re8 27. R1d7 Nf4 28. Bc5+ Kg8 29. Rxe8+ Rxe8 30. Rxb7 Qg6 31. a5 Ra8 32. Be3 Nd3 33. Qf5 Qxf5 34. exf5 Kf8 35. Rd7 e4 36. Rd4 c5 37. Rxe4 cxb4 38. cxb4 Rb8 39. a6 1-0

[Event "WchT U26 17th"]
[Site "Graz"]
[Date "1972.??.??"]
[Round "4"]
[White "Markland, Peter R"]
[Black "Stoica, Valentin"]
[Result "1-0"]
[WhiteElo "2420"]
[BlackElo "2285"]
[PlyCount "71"]
[EventDate "1972.07.15"]
[Source "ChessBase"]

1. e4 e5 2. Nf3 Nc6 3. Bc4 Bc5 4. c3 Qe7 5. d4 Bb6 6. O-O Nf6 7. Re1 d6 8. h3 h6 9. b4 a6 10. a4 O-O 11. Ba3 Re8 12. b5 Na5 13. Bd3 Nd7 14. Nbd2 Qf6 15. Bb2 Nf8 16. Nf1 Ng6 17. Ne3 c6 18. Ng4 Qd8 19. c4 h5 20. Ne3 Qf6 21. c5 dxc5 22. dxe5 Qd8 23. bxa6 bxa6 24. Qc2 Nf4 25. Bf1 Be6 26. Nf5 c4 27. Nd6 Nd3 28. Bxd3 cxd3 29. Qxd3 Nc4 30. Bc3 Bc5 31. Rad1 Nxd6 32. exd6 Qb6 33. Rd2 f6 34. e5 fxe5 35. Rxe5 Bf7 36. Rg5 1-0

[Event "Mar del Plata Open"]
[Site "Mar del Plata ARG"]
[Date "1991.??.??"]
[Round "?"]
[White "Gomez Baillo, Jorge H"]
[Black "Perez Pietronave, Carlos"]
[Result "1-0"]
[WhiteElo "2425"]
[BlackElo "2280"]
[PlyCount "97"]
[EventDate "1991.??.??"]
[Source "www.chesslib.no"]
[SourceDate "2004.05.04"]

1. e4 e5 2. Nf3 Nc6 3. Bc4 Bc5 4. c3 Qe7 5. O-O d6 6. Re1 Bg4 7. d3 Qf6 8. Nbd2 Nge7 9. h3 h5 10. Nf1 Bxf3 11. Qxf3 Qxf3 12. gxf3 g5 13. Bxg5 Rg8 14. h4 Rg6 15. Ng3 f6 16. Be3 Bxe3 17. Rxe3 f5 18. exf5 Nxf5 19. Re4 Nxg3 20. fxg3 O-O-O 21. Bf7 Rh6 22. Bb3 d5 23. Re2 Rf6 24. Kg2 d4 25. Rd1 Rdf8 26. Bd5 Ne7 27. Be4 c6 28. cxd4 exd4 29. f4 Rg8 30. Kh2 Kc7 31. Rc1 Re6 32. Rec2 Rd8 33. Rc5 Rh8 34. Rg5 Kb6 35. Rc4 Rd6 36. Kg2 Ng8 37. Rg7 a5 38. b4 a4 39. b5 Nf6 40. bxc6 bxc6 41. Bf3 Ra8 42. Rg5 Nd5 43. Kf2 Nc3 44. Rb4+ Ka6 45. Rc5 Re8 46. a3 Re3 47. Rxd4 Rxf3+ 48. Kxf3 Rxd4 49. Rxc6+ 1-0

[Event "FIN Team Ch"]
[Site "Finland"]
[Date "1990.??.??"]
[Round "?"]
[White "Sorri, Kari Juhani"]
[Black "Valkesalmi, Kimmo"]
[Result "1/2-1/2"]
[WhiteElo "2305"]
[BlackElo "2400"]
[PlyCount "143"]
[EventDate "1990.??.??"]
[Source "www.chesslib.no"]
[SourceDate "2004.05.04"]

1. e4 e5 2. Nf3 Nc6 3. Bc4 Bc5 4. c3 Qe7 5. d4 Bb6 6. Bg5 Nf6 7. d5 Nb8 8. d6 cxd6 9. O-O h6 10. Bxf6 Qxf6 11. Na3 Bc7 12. Nc2 Nc6 13. Ne3 Ne7 14. g3 Rb8 15. Nh4 b5 16. Bd5 g6 17. Qd2 Bb6 18. Kg2 h5 19. Rae1 O-O 20. f4 Bxe3 21. Rxe3 Nxd5 22. exd5 Bb7 23. Kg1 Rbe8 24. fxe5 Qg5 25. Nf3 Qg4 26. b3 h4 27. Qd4 Qxd4 28. Nxd4 hxg3 29. hxg3 Rxe5 30. Rxe5 dxe5 31. Nxb5 Bxd5 32. c4 Be6 33. Rd1 f5 34. Rd2 a5 35. Nc7 Kf7 36. Nxe6 Kxe6 37. Rd5 Ra8 38. Rb5 g5 39. Rb6+ Ke7 40. Kf2 d6 41. Rb7+ Ke6 42. Rg7 g4 43. Rg6+ Ke7 44. Rg7+ Kf6 45. Rd7 Ke6 46. Rh7 Rf8 47. Rh6+ Rf6 48. Rh4 Rg6 49. Ke3 Rf6 50. Kf2 Kd7 51. a3 Kc6 52. b4 axb4 53. axb4 d5 54. cxd5+ Kxd5 55. Rh1 Ra6 56. Rb1 Kc4 57. Re1 Ra2+ 58. Kg1 Kd5 59. Rb1 Ra6 60. b5 Rb6 61. Rf1 Ke6 62. Rb1 f4 63. gxf4 exf4 64. Kf2 Kf5 65. Rb4 Ke5 66. Kg2 Kf5 67. Kf2 Kg5 68. Kg2 Rf6 69. b6 f3+ 70. Kf1 Rf8 71. b7 Rb8 72. Kf2 1/2-1/2

[Event "Petrov mem"]
[Site "St Petersburg"]
[Date "1998.??.??"]
[Round "5"]
[White "Totsky, Leonid"]
[Black "Sinkevich, Petr"]
[Result "1-0"]
[WhiteElo "2490"]
[BlackElo "2215"]
[PlyCount "105"]
[EventDate "1998.??.??"]
[Source "www.chesslib.no"]
[SourceDate "2004.05.04"]

1. e4 e5 2. Nf3 Nc6 3. Bc4 Bc5 4. c3 Qe7 5. O-O Bb6 6. Bb3 d6 7. d3 Nf6 8. Re1 O-O 9. h3 Be6 10. Ba4 Rad8 11. Nbd2 Nh5 12. Nf1 Nf4 13. Bxf4 exf4 14. d4 Bd7 15. Bc2 Rfe8 16. Qd3 g6 17. N1d2 Bc8 18. b4 Qf8 19. Bb3 Qg7 20. a4 a5 21. b5 Nb8 22. Nc4 Be6 23. Nfd2 Bxc4 24. Bxc4 Nd7 25. Bd5 Rb8 26. Qf3 Qf6 27. Bxb7 Rxb7 28. e5 dxe5 29. Qxb7 Qd8 30. Nc4 exd4 31. Nxb6 Rxe1+ 32. Rxe1 Nxb6 33. Qc6 Kg7 34. cxd4 Nxa4 35. d5 f3 36. g3 Nb6 37. Rd1 Nc8 38. Qc3+ Qf6 39. Qxa5 Nb6 40. d6 Nc4 41. dxc7 Nxa5 42. c8=Q Qb2 43. Qd7 Nb3 44. Qd3 Nc1 45. Qxf3 Ne2+ 46. Kg2 Nd4 47. Qd3 Nf5 48. Rb1 Qf6 49. b6 Nd4 50. b7 Qc6+ 51. Kg1 Nf3+ 52. Qxf3 Qxf3 53. b8=Q 1-0

[Event "Budapest FS02 IM-B"]
[Site "Budapest HUN"]
[Date "1994.??.??"]
[Round "9"]
[White "Todor, Razvan"]
[Black "Zupe, Miran"]
[Result "0-1"]
[WhiteElo "2305"]
[BlackElo "2395"]
[PlyCount "62"]
[EventDate "1994.02.??"]
[Source "www.chesslib.no"]
[SourceDate "2004.05.04"]

1. e4 e5 2. Nf3 Nc6 3. Bc4 Bc5 4. c3 Qe7 5. d4 Bb6 6. O-O d6 7. h3 Nf6 8. Re1 O-O 9. Na3 a6 10. Nc2 h6 11. b3 Ba7 12. Bb2 Bd7 13. Bd3 Rfe8 14. Ne3 Qd8 15. Nd5 exd4 16. c4 Nh7 17. Bc2 Ng5 18. Nxg5 hxg5 19. Qh5 Re5 20. Qf3 Rc8 21. g4 Re6 22. Rad1 Ne5 23. Qg3 c6 24. Nb4 Rf6 25. Re2 Rh6 26. Red2 Qf6 27. Kf1 a5 28. Nd3 Nf3 29. Re2 Re8 30. Ne1 Bxg4 31. e5 dxe5 0-1

[Event "Moscow-ch"]
[Site "Moscow"]
[Date "1982.??.??"]
[Round "5"]
[White "Kuzmin, Alexey"]
[Black "Vasiukov, Evgeni"]
[Result "0-1"]
[WhiteElo "2200"]
[BlackElo "2495"]
[PlyCount "52"]
[EventDate "1982.02.??"]
[Source "ChessBase"]

1. e4 e5 2. Nf3 Nc6 3. Bc4 Bc5 4. c3 Qe7 5. O-O Nf6 6. d4 Bb6 7. Re1 d6 8. h3 O-O 9. Bg5 h6 10. Bh4 g5 11. Bg3 Kh7 12. Bb5 g4 13. Bxc6 bxc6 14. dxe5 dxe5 15. Nxe5 Nh5 16. Nxc6 Qf6 17. Nd4 Nxg3 18. fxg3 c5 19. Nf5 Bxf5 20. exf5 gxh3 21. Nd2 Rad8 22. Qe2 Qxf5 23. Kh2 hxg2 24. Kxg2 Rg8 25. Rad1 Rxg3+ 26. Kxg3 Rg8+ 0-1

[Event "Int Youth Games U16"]
[Site "Moscow"]
[Date "2002.06.18"]
[Round "1"]
[White "Davidov, Samir"]
[Black "Geller, Jakov"]
[Result "0-1"]
[WhiteElo "2248"]
[BlackElo "2437"]
[PlyCount "66"]
[EventDate "2002.06.18"]
[Source "ChessBase"]
[SourceDate "2002.07.08"]

1. e4 e5 2. Nf3 Nc6 3. Bc4 Bc5 4. c3 Qe7 5. O-O d6 6. d4 Bb6 7. Ng5 Nh6 8. Be3 O-O 9. h3 exd4 10. cxd4 Bxd4 11. Bxd4 Qxg5 12. f4 Qh4 13. Bc3 Qe7 14. Nd2 Be6 15. Qb3 Bxc4 16. Qxc4 Kh8 17. Rae1 f6 18. Qb5 Rab8 19. Nf3 a6 20. Qh5 Qf7 21. Qh4 Rbe8 22. g4 Qc4 23. g5 Ng8 24. Kh1 d5 25. Rg1 d4 26. Bd2 Qd3 27. Rg3 Rxe4 28. Reg1 Re2 29. g6 h6 30. Be1 Qe4 31. f5 Qxh4 32. Nxh4 Rfe8 33. Nf3 Nge7 0-1

[Event "JUG Ch"]
[Site "Banja Vrucica YUG"]
[Date "1991.??.??"]
[Round "?"]
[White "Radosavljevic, Slobodan"]
[Black "Lazic, Miroljub"]
[Result "1/2-1/2"]
[WhiteElo "2285"]
[BlackElo "2400"]
[PlyCount "52"]
[EventDate "1991.12.??"]
[Source "www.chesslib.no"]
[SourceDate "2004.05.04"]

1. e4 e5 2. Nf3 Nc6 3. Bc4 Bc5 4. c3 Qe7 5. b4 Bb6 6. O-O d6 7. d3 Nf6 8. Nbd2 O-O 9. Bb3 Be6 10. a4 Bxb3 11. Qxb3 a6 12. a5 Ba7 13. b5 axb5 14. Qxb5 Qd7 15. Nc4 Nd4 16. Nxd4 exd4 17. Rb1 dxc3 18. Qxd7 Nxd7 19. Rxb7 Nc5 20. Rxc7 Nxd3 21. Nb6 Bxb6 22. axb6 Rac8 23. Rd1 Nxc1 24. Rxc1 Rxc7 25. bxc7 Rc8 26. Rxc3 Kf8 1/2-1/2

[Event "Chartres Open"]
[Site "Chartres"]
[Date "1990.??.??"]
[Round "3"]
[White "Prie, Eric"]
[Black "Renaze, Luc"]
[Result "1/2-1/2"]
[WhiteElo "2435"]
[BlackElo "2245"]
[PlyCount "29"]
[EventDate "1990.??.??"]
[Source "www.chesslib.no"]
[SourceDate "2004.05.04"]

1. e4 e5 2. Nf3 Nc6 3. Bc4 Bc5 4. c3 Qe7 5. O-O Nf6 6. d4 Bb6 7. a4 a6 8. Be3 d6 9. Nbd2 Bg4 10. a5 exd4 11. cxd4 Bxd4 12. Bxd4 Nxd4 13. Qa4+ Nc6 14. e5 dxe5 15. Nxe5 1/2-1/2

[Event "Guichen Open"]
[Site "Guichen"]
[Date "1993.??.??"]
[Round "?"]
[White "Okhotnik, Vladimir"]
[Black "Chomet, Pascal"]
[Result "1/2-1/2"]
[WhiteElo "2400"]
[BlackElo "2275"]
[PlyCount "88"]
[EventDate "1993.??.??"]
[Source "www.chesslib.no"]
[SourceDate "2004.05.04"]

1. e4 e5 2. Nf3 Nc6 3. Bc4 Bc5 4. c3 Qe7 5. d4 Bb6 6. d5 Nd8 7. d6 Qxd6 8. Qxd6 cxd6 9. Ng5 Nh6 10. Na3 Nc6 11. Nb5 Ke7 12. Be3 Bxe3 13. fxe3 Na5 14. Be2 b6 15. O-O-O Ba6 16. b4 Bxb5 17. Bxb5 Nc6 18. Ba6 Nd8 19. Rd2 Ne6 20. Nf3 Rhd8 21. h3 f6 22. Rhd1 Nf7 23. h4 Nc7 24. Bc4 Ne6 25. Bd5 Rab8 26. Kb2 Nh6 27. Nh2 f5 28. Nf3 f4 29. exf4 Nxf4 30. Bb3 Ng4 31. g3 Ne6 32. Rxd6 Nf2 33. Nxe5 Nxd1+ 34. Rxd1 Rb7 35. Nc4 Rf8 36. Nd6 Rf2+ 37. Ka3 Rc7 38. Rd3 a5 39. Nf5+ Kf8 40. Ba4 g6 41. Nd6 Ke7 42. Nb5 Rc8 43. Nd6 Rc7 44. Nb5 Rc8 1/2-1/2

[Event "Karvina Open"]
[Site "Karvina"]
[Date "1992.??.??"]
[Round "2"]
[White "Chernikov, Oleg L"]
[Black "Loktiev, Ivan"]
[Result "1/2-1/2"]
[WhiteElo "2405"]
[BlackElo "2265"]
[PlyCount "41"]
[EventDate "1992.??.??"]
[Source "www.chesslib.no"]
[SourceDate "2004.05.04"]

1. e4 e5 2. Nf3 Nc6 3. Bc4 Bc5 4. c3 Qe7 5. O-O Bb6 6. d4 d6 7. dxe5 dxe5 8. Qe2 Nf6 9. Be3 O-O 10. Nbd2 Bxe3 11. Qxe3 Be6 12. Bb5 Bd7 13. Rfe1 a6 14. Ba4 Rfd8 15. Nf1 Na5 16. Bxd7 Rxd7 17. Qg5 Nc6 18. Ng3 h6 19. Qe3 Rad8 20. Nf5 Qf8 21. Qe2 1/2-1/2

[Event "BCF Ch"]
[Site "Portsmouth"]
[Date "1976.08.13"]
[Round "5"]
[White "Mestel, Jonathan"]
[Black "Macdonald Ross, Michael"]
[Result "1-0"]
[WhiteElo "2390"]
[BlackElo "2280"]
[PlyCount "107"]
[EventDate "1976.08.09"]
[Source "www.chesslib.no"]
[SourceDate "2004.05.04"]

1. e4 e5 2. Nf3 Nc6 3. Bc4 Bc5 4. c3 Qe7 5. d4 Bb6 6. Bg5 Nf6 7. d5 Nd8 8. d6 cxd6 9. Na3 a6 10. Nc2 h6 11. Bxf6 Qxf6 12. Nb4 Ne6 13. Qxd6 Bc5 14. Qxe5 Qxe5 15. Nxe5 Bxb4 16. cxb4 d6 17. Nf3 Bd7 18. O-O Bc6 19. Rfe1 Ke7 20. Rad1 Rhd8 21. Nd4 Nxd4 22. Rxd4 Rac8 23. Red1 Bd7 24. b3 Be6 25. b5 a5 26. Kf1 b6 27. Ke2 Bg4+ 28. f3 Be6 29. a4 Rc5 30. Ke3 g5 31. R1d2 Rd7 32. g3 Rd8 33. R2d3 Rd7 34. Kd2 Rd8 35. Bd5 Bh3 36. f4 Bg2 37. Bc4 gxf4 38. gxf4 Rh5 39. e5 d5 40. Bxd5 Bxd5 41. Rxd5 Rxh2+ 42. Kc3 Rxd5 43. Rxd5 Rf2 44. Rd6 h5 45. Rxb6 Rxf4 46. Ra6 h4 47. Rxa5 h3 48. Ra7+ Ke6 49. Ra6+ Kxe5 50. Rh6 Rf3+ 51. Kb4 Kd5 52. b6 Re3 53. b7 Re8 54. Kb5 1-0

[Event "Merida Open"]
[Site "Merida MEX"]
[Date "1992.??.??"]
[Round "?"]
[White "Rios Parra, Alejandro"]
[Black "Castro, Oscar H"]
[Result "1-0"]
[WhiteElo "2285"]
[BlackElo "2385"]
[PlyCount "115"]
[EventDate "1992.??.??"]
[Source "www.chesslib.no"]
[SourceDate "2004.05.04"]

1. e4 e5 2. Nf3 Nc6 3. Bc4 Bc5 4. c3 Qe7 5. O-O Nf6 6. d4 Bb6 7. a4 a6 8. d5 Nb8 9. a5 Ba7 10. Bd3 d6 11. b4 O-O 12. c4 Kh8 13. Be3 Bxe3 14. fxe3 c5 15. bxc5 dxc5 16. Nc3 Ne8 17. Na4 Nd7 18. Nd2 Nd6 19. Qc2 Qg5 20. Rf3 Nf6 21. Rg3 Qh6 22. Nb6 Nh5 23. Nxa8 Nxg3 24. hxg3 Qxe3+ 25. Kh2 Bg4 26. Nb6 f5 27. Nf1 Qd4 28. Re1 Rf6 29. Ne3 Kg8 30. exf5 e4 31. Bf1 Bxf5 32. Qe2 Qe5 33. Nxf5 Rxf5 34. Nd7 Qd4 35. Rd1 Qc3 36. Nxc5 e3 37. Nd3 Nxc4 38. Nf4 Nd6 39. Rd3 Qc5 40. Rxe3 g5 41. Nh5 Rxf1 42. Qxf1 Qxe3 43. Nf6+ Kg7 44. Nh5+ Kg8 45. Qf6 Ne8 46. Qd8 Kf7 47. d6 Qe2 48. Qd7+ Kg6 49. g4 Qe5+ 50. Kh3 Nxd6 51. Qc7 Qe3+ 52. Kh2 Qd4 53. Qe7 Ne4 54. Qe8+ Kh6 55. Qe6+ Nf6 56. Nxf6 Kg7 57. Qe7+ Kg6 58. Qxh7+ 1-0

[Event "Budapest FS07 IM-B"]
[Site "Budapest HUN"]
[Date "1993.??.??"]
[Round "10"]
[White "Almasi, Istvan"]
[Black "Gross, David"]
[Result "1/2-1/2"]
[WhiteElo "2400"]
[BlackElo "2270"]
[PlyCount "113"]
[EventDate "1993.07.??"]
[Source "www.chesslib.no"]
[SourceDate "2004.05.04"]

1. e4 e5 2. Nf3 Nc6 3. Bc4 Bc5 4. c3 Qe7 5. O-O d6 6. d4 Bb6 7. h3 Nf6 8. Re1 h6 9. Bb5 Bd7 10. Na3 g5 11. d5 Nb8 12. Nh2 Rg8 13. Bxd7+ Nbxd7 14. Nc4 h5 15. Be3 g4 16. hxg4 Nxg4 17. Nxg4 hxg4 18. g3 Qf6 19. Kg2 O-O-O 20. Bxb6 axb6 21. Qe2 Qg6 22. Rh1 Rh8 23. Rxh8 Rxh8 24. Rh1 Rxh1 25. Kxh1 Nf6 26. Nd2 Qh5+ 27. Kg1 Qg6 28. Kg2 Kd7 29. f3 Ke7 30. fxg4 Nxg4 31. Nf3 Nf6 32. Nd2 Nh5 33. Qf3 Qg5 34. Nf1 Nf4+ 35. Kf2 Nh3+ 36. Kg2 Nf4+ 37. Kf2 Nh5 38. Ne3 Nf6 39. Ke2 b5 40. Kd3 c6 41. dxc6 bxc6 42. Nf5+ Ke6 43. Ne3 d5 44. exd5+ cxd5 45. Kc2 Qg6+ 46. Kc1 Qd3 47. Qf2 Ne4 48. Qe1 f5 49. Nf1 f4 50. gxf4 exf4 51. Qd1 Qc4 52. Qg4+ Ke5 53. Nh2 Nf6 54. Nf3+ Kd6 55. Qf5 Qf1+ 56. Kc2 Qxf3 57. Qxf6+ 1/2-1/2

[Event "RUS-Cup1 Chigorin mem"]
[Site "St Petersburg"]
[Date "1996.??.??"]
[Round "8"]
[White "Orlov, Andrey"]
[Black "Golod, Ilja"]
[Result "1-0"]
[WhiteElo "2365"]
[BlackElo "2300"]
[PlyCount "91"]
[EventDate "1996.11.??"]
[Source "ChessBase"]

1. e4 e5 2. Nf3 Nc6 3. Bc4 Bc5 4. c3 Qe7 5. O-O d6 6. b4 Bb6 7. a4 a6 8. d3 Nf6 9. Na3 O-O 10. Nc2 Be6 11. Qe2 h6 12. Be3 Bxc4 13. dxc4 Bxe3 14. Nxe3 Qd7 15. Qd3 Ne7 16. a5 Qc6 17. Nd2 g6 18. Nd5 Nfxd5 19. cxd5 Qd7 20. c4 f5 21. f3 f4 22. c5 g5 23. Rfc1 Ng6 24. Rab1 Rf7 25. c6 Qc8 26. b5 axb5 27. Qxb5 bxc6 28. Rxc6 Nh4 29. a6 g4 30. Qb7 gxf3 31. Qxc8+ Rxc8 32. Nxf3 Nxf3+ 33. gxf3 Kh7 34. Rb7 Kg6 35. a7 Kg5 36. Rb8 Rff8 37. a8=Q Rxb8 38. Qa2 Rg8 39. Rxc7 Kh4+ 40. Kf1 Rg6 41. Rh7 Rbg8 42. Qf2+ Kh5 43. Rf7 Rb8 44. Rf5+ Rg5 45. Rxg5+ hxg5 46. Qa7 1-0

[Event "ROM Team Ch"]
[Site "Romania"]
[Date "1994.??.??"]
[Round "?"]
[White "Ciolac, Gheorghe"]
[Black "Hristodorescu, Daniel"]
[Result "1/2-1/2"]
[WhiteElo "2380"]
[BlackElo "2285"]
[PlyCount "128"]
[EventDate "1994.??.??"]
[Source "www.chesslib.no"]
[SourceDate "2004.05.04"]

1. e4 e5 2. Nf3 Nc6 3. Bc4 Bc5 4. c3 Qe7 5. O-O d6 6. b4 Bb6 7. a4 a6 8. d3 Nf6 9. Nbd2 Nd8 10. Ba2 c6 11. a5 Bc7 12. d4 O-O 13. dxe5 dxe5 14. Qc2 Bg4 15. h3 Bh5 16. Nh4 Ne6 17. Nf5 Qd7 18. Nc4 Rfd8 19. f3 Bg6 20. Nh4 Nh5 21. Nxg6 hxg6 22. Be3 Qe7 23. Nb6 Rab8 24. Na4 Nhf4 25. Rad1 g5 26. Bc4 g6 27. Rxd8+ Rxd8 28. Rd1 Kg7 29. Rxd8 Nxd8 30. Nc5 f6 31. Ba2 Bd6 32. Qb3 Qe8 33. Qc4 Bxc5 34. Bxc5 Qe6 35. Bb6 Qxc4 36. Bxc4 Nfe6 37. Kf2 Kf8 38. Kg3 Ke7 39. h4 gxh4+ 40. Kxh4 Nf7 41. Bf2 Nd6 42. Bf1 Nb5 43. Be1 c5 44. Kg3 Nd6 45. Kf2 cxb4 46. cxb4 Nd4 47. Be2 f5 48. exf5 gxf5 49. Bc3 f4 50. Bxd4 exd4 51. g3 fxg3+ 52. Kxg3 Ke6 53. f4 Nf5+ 54. Kf3 Ne7 55. Ke4 Nc6 56. Bc4+ Kf6 57. Bd5 Nxb4 58. Bxb7 d3 59. Ke3 Kf5 60. Be4+ Kg4 61. f5 Kg5 62. Kd2 Kf6 63. Kc3 Ke5 64. Bxd3 Nxd3 1/2-1/2

[Event "Brno-B"]
[Site "Brno CZE"]
[Date "1994.??.??"]
[Round "2"]
[White "Velicka, Petr"]
[Black "Vechet, Stanislav"]
[Result "1/2-1/2"]
[WhiteElo "2415"]
[BlackElo "2250"]
[PlyCount "131"]
[EventDate "1994.??.??"]
[Source "www.chesslib.no"]
[SourceDate "2004.05.04"]

1. e4 e5 2. Nf3 Nc6 3. Bc4 Bc5 4. c3 Qe7 5. d3 d6 6. Nbd2 Nf6 7. h3 a6 8. Bb3 O-O 9. Nf1 Be6 10. Bg5 Bxb3 11. Qxb3 Nd8 12. Ne3 Bxe3 13. Bxe3 Qe6 14. Qc2 d5 15. O-O Re8 16. exd5 Qxd5 17. Rfe1 Nc6 18. b3 h6 19. d4 exd4 20. Rad1 Qe4 21. Nxd4 Nxd4 22. Qxe4 Nxe4 23. Bxd4 c5 24. f3 cxd4 25. fxe4 dxc3 26. Rc1 Rac8 27. Re3 b5 28. Rexc3 Rxc3 29. Rxc3 Rxe4 30. Rc8+ Kh7 31. Ra8 Re6 32. Ra7 Rf6 33. a4 bxa4 34. bxa4 Kg6 35. g3 Kf5 36. Re7 g5 37. Kg2 Kg6 38. Ra7 Kg7 39. g4 Re6 40. Kg3 Kg6 41. h4 gxh4+ 42. Kxh4 f5 43. a5 Kf6 44. Rh7 Ke5 45. gxf5 Kxf5 46. Kh5 Ke4 47. Rxh6 Re5+ 48. Kg4 Rxa5 49. Re6+ Kd5 50. Re8 Kc4 51. Kf3 Rd5 52. Ke2 a5 53. Rc8+ Kb3 54. Rb8+ Ka3 55. Rb7 a4 56. Rb8 Ka2 57. Rb7 Rd4 58. Rb8 Ka3 59. Rb7 Ka2 60. Rb8 a3 61. Rb7 Rh4 62. Kd2 Rh2+ 63. Kc1 Rb2 64. Rc7 Rb8 65. Kc2 Rh8 66. Rb7 1/2-1/2

[Event "Tula"]
[Site "Tula"]
[Date "2001.??.??"]
[Round "1"]
[White "Novikov, Maxim"]
[Black "Geller, Jakov"]
[Result "1/2-1/2"]
[WhiteElo "2377"]
[BlackElo "2285"]
[PlyCount "121"]
[EventDate "2001.01.??"]
[Source "ChessBase"]
[SourceDate "2001.03.08"]

1. e4 e5 2. Nf3 Nc6 3. Bc4 Bc5 4. c3 Qe7 5. O-O d6 6. d4 Bb6 7. a4 a6 8. Bg5 Nf6 9. d5 Nb8 10. Nbd2 h6 11. Be3 Bxe3 12. fxe3 a5 13. Qe1 Nbd7 14. Bb5 O-O 15. Bxd7 Bxd7 16. Nh4 g6 17. h3 Nh5 18. Rf3 Ng7 19. Qf2 g5 20. Nf5 Nxf5 21. exf5 e4 22. f6 Qe5 23. Rg3 Qxd5 24. h4 g4 25. Qf4 Kh7 26. Nxe4 Rae8 27. Nf2 h5 28. Nh3 Qe5 29. Ng5+ Kg6 30. Qf2 Bf5 31. e4 Bxe4 32. Re3 d5 33. Rae1 Qxf6 34. Qxf6+ Kxf6 35. Nh7+ Ke5 36. Nxf8 Rxf8 37. c4 c6 38. cxd5 cxd5 39. Rb3 Rc8 40. Rc3 Rc6 41. Kf2 f5 42. g3 d4 43. Rcc1 Kd5 44. Rxc6 bxc6 45. Rc1 c5 46. b3 Bd3 47. Ke1 c4 48. Kd2 Kc5 49. bxc4 Bxc4 50. Rb1 Kd5 51. Rb7 Ke4 52. Rh7 Kf3 53. Rxh5 Kxg3 54. Rxf5 Kxh4 55. Rf4 Kh3 56. Rxd4 Be6 57. Rd6 Bc8 58. Ke3 g3 59. Kf4 Kh2 60. Rh6+ Bh3 61. Rb6 1/2-1/2

[Event "CZE Ch"]
[Site "Czech Republic"]
[Date "1993.??.??"]
[Round "9"]
[White "Dobrovolsky, Ladislav"]
[Black "Gross, David"]
[Result "1-0"]
[WhiteElo "2390"]
[BlackElo "2270"]
[PlyCount "65"]
[EventDate "1993.??.??"]
[Source "www.chesslib.no"]
[SourceDate "2004.05.04"]

1. e4 e5 2. Nf3 Nc6 3. Bc4 Bc5 4. c3 Qe7 5. d4 Bb6 6. O-O d6 7. h3 Nf6 8. Re1 h6 9. a4 a5 10. Be3 g5 11. dxe5 dxe5 12. Bxb6 cxb6 13. Qb3 g4 14. hxg4 Bxg4 15. Nbd2 Nd7 16. Re3 O-O-O 17. Bxf7 h5 18. Bd5 h4 19. Nh2 Bh5 20. Qc4 Rh6 21. b4 Rg6 22. Ndf3 Kb8 23. Rb1 Rf8 24. Qd3 Rf4 25. Bxc6 bxc6 26. bxa5 Bxf3 27. Nxf3 Rfg4 28. Ne1 Qg7 29. Kf1 Qe7 30. Qa6 Rf4 31. Rd3 Qc5 32. Nf3 Rd6 33. axb6 1-0

[Event "Eger"]
[Site "Eger"]
[Date "1993.??.??"]
[Round "9"]
[White "Krockenberger, Martin"]
[Black "Zupe, Miran"]
[Result "0-1"]
[WhiteElo "2305"]
[BlackElo "2350"]
[PlyCount "82"]
[EventDate "1993.??.??"]
[Source "www.chesslib.no"]
[SourceDate "2004.05.04"]

1. e4 e5 2. Nf3 Nc6 3. Bc4 Bc5 4. c3 Qe7 5. O-O d6 6. d3 Nf6 7. b4 Bb6 8. a4 a5 9. b5 Nb8 10. Nbd2 O-O 11. Bb3 Be6 12. Nc4 Nbd7 13. Ba3 Rfe8 14. Nxb6 Bxb3 15. Qxb3 Nxb6 16. Qc2 Nh5 17. g3 Qe6 18. Nd2 Qh3 19. Rfe1 Re6 20. Nf1 f5 21. exf5 Qxf5 22. Bc1 Rf8 23. Qe2 Ref6 24. Be3 Nd5 25. c4 Ndf4 26. Bxf4 exf4 27. g4 f3 28. gxf5 fxe2 29. Rxe2 Nf4 30. Re3 Rxf5 31. Ra2 Ng6 32. Ng3 Rg5 33. d4 Nh4 34. Kf1 Nf3 35. Re7 h5 36. Rxc7 h4 37. Ne4 Nxh2+ 38. Ke2 Rg4 39. Kd3 Rf3+ 40. Kd2 Rxe4 41. Kd1 Rxd4+ 0-1

[Event "Golden Cleopatra"]
[Site "Cairo"]
[Date "2003.06.09"]
[Round "8"]
[White "Frhat, Ali"]
[Black "Naby, Saiid A"]
[Result "1/2-1/2"]
[WhiteElo "2350"]
[BlackElo "2303"]
[PlyCount "119"]
[EventDate "2003.06.03"]
[Source "Roberto Alvarez"]
[SourceDate "2003.06.30"]

1. e4 e5 2. Nf3 Nc6 3. Bc4 Bc5 4. c3 Qe7 5. O-O d6 6. d4 Bb6 7. d5 Nb8 8. Bd3 Bg4 9. Nbd2 c6 10. Nc4 cxd5 11. Nxb6 axb6 12. exd5 Nf6 13. h3 Bh5 14. Be2 O-O 15. c4 Nbd7 16. Re1 Ne8 17. Nxe5 dxe5 18. Bxh5 Nd6 19. Be2 f5 20. a4 Qh4 21. Bf1 Rf6 22. g3 Rg6 23. Kh2 Qf6 24. Ra3 Rc8 25. Rc3 Ne4 26. Rxe4 fxe4 27. Be3 Qf5 28. b4 h5 29. c5 Nf6 30. Be2 Rh6 31. Kg2 Rh8 32. a5 bxc5 33. bxc5 Kh7 34. a6 bxa6 35. d6 Rc6 36. g4 hxg4 37. hxg4 Qe6 38. Bc4 Qc8 39. Be2 Kg6 40. f3 exf3+ 41. Bxf3 e4 42. Be2 Qe6 43. Bg1 Qe5 44. Qd4 Rh2+ 45. Kf1 Qf4+ 46. Ke1 Rg2 47. Be3 Rxe2+ 48. Kxe2 Qxg4+ 49. Ke1 Qf5 50. Bg1 Kf7 51. Rb3 Nd7 52. Rb7 Kg6 53. Rc7 Ne5 54. Kd1 Qf1+ 55. Kc2 Qe2+ 56. Qd2 Qc4+ 57. Qc3 Qe2+ 58. Qd2 Qc4+ 59. Qc3 Qe2+ 60. Qd2 1/2-1/2

[Event "FIN Team Ch"]
[Site "Finland"]
[Date "1992.??.??"]
[Round "?"]
[White "Nouro, Mikael"]
[Black "Saren, Ilkka J"]
[Result "0-1"]
[WhiteElo "2265"]
[BlackElo "2385"]
[PlyCount "91"]
[EventDate "1992.??.??"]
[Source "www.chesslib.no"]
[SourceDate "2004.05.04"]

1. e4 e5 2. Nf3 Nc6 3. Bc4 Bc5 4. c3 Qe7 5. O-O Nf6 6. b4 Bb6 7. d3 d6 8. a4 a5 9. b5 Nb8 10. Nbd2 h6 11. Ba2 Be6 12. Nc4 Nbd7 13. Nxb6 Nxb6 14. Re1 O-O 15. d4 Bxa2 16. Rxa2 Rfe8 17. Rae2 Qe6 18. d5 Qg4 19. h3 Qh5 20. Nh2 Nfd7 21. Nf1 g6 22. g4 Qh4 23. Kg2 Nc5 24. Ra2 Kg7 25. Ng3 Rh8 26. f4 exf4 27. Bxf4 Nbd7 28. Qd4+ f6 29. Rf1 Rhf8 30. Nh1 Rae8 31. Nf2 h5 32. Qe3 hxg4 33. hxg4 g5 34. Bg3 Qh7 35. Re2 Qg6 36. Rfe1 b6 37. Qd4 Ne5 38. Qe3 Nxa4 39. Bxe5 Rxe5 40. Nh1 Nc5 41. Ng3 Rh8 42. Rf1 Rh4 43. Qf3 Qh6 44. Kg1 Nd7 45. Rg2 Rh3 46. Nh5+ 0-1

[Event "CUB-ch sf"]
[Site "CUB"]
[Date "2000.??.??"]
[Round "?"]
[White "Ibanez, Dagoberto"]
[Black "Fuentes, Manuel"]
[Result "0-1"]
[WhiteElo "2285"]
[BlackElo "2362"]
[PlyCount "70"]
[EventDate "2000.??.??"]
[Source "www.chesslib.no"]
[SourceDate "2004.05.04"]

1. e4 e5 2. Nf3 Nc6 3. Bc4 Bc5 4. c3 Qe7 5. O-O Bb6 6. d4 d6 7. h3 Nf6 8. Re1 a6 9. Be3 Ba7 10. Nbd2 h6 11. a3 g5 12. dxe5 dxe5 13. Bd5 Bxe3 14. fxe3 g4 15. hxg4 Bd7 16. b4 Nxg4 17. Qe2 h5 18. a4 Nd8 19. Nf1 c6 20. Bc4 Ne6 21. Rad1 a5 22. Ng3 Ng7 23. b5 h4 24. Nf1 Nh5 25. Qa2 Rh7 26. bxc6 bxc6 27. Qd2 Ng3 28. Qd3 Rd8 29. Nxg3 hxg3 30. Qd6 Nf2 31. Kf1 Nxd1 32. Rxd1 Rh1+ 33. Ke2 Qxd6 34. Rxd6 Bg4 35. Rf6 Rdd1 0-1